Random countries in the IPA - Statistics

General Stats
  • This quiz has been taken 52 times
  • The average score is 18 of 20
Answer Stats
Hint Answer % Correct
æfˈgæn əˌstæn Afghanistan
100%
ælˈdʒɪər i ə Algeria
100%
æŋˈgoʊ lə Angola
100%
ænˈti gə ænd bɑrˈbu də Antigua and Barbuda
100%
ˌɑr dʒənˈti nə Argentina
100%
ɔˈstreɪl yə Australia
100%
ˈɔ stri ə Austria
100%
ˌɑ zər baɪˈdʒɑn Azerbaijan
100%
bəˈhɑ məz Bahamas
100%
bɑˈreɪn Bahrain
100%
ˌbɑŋ gləˈdɛʃ Bangladesh
100%
bɑrˈbeɪ doʊs Barbados
100%
ˈbɛləˌrʌs Belarus
100%
ˈbɛl dʒəm Belgium
100%
bəˈliz Belize
100%
bɛˌnin Benin
100%
bəˈlɪv i ə Bolivia
100%
ˈbɒz ni ə ænd ˌhɛr tsə goʊˈvi nə Bosnia and Herzegovina
100%
bɒtˈswɑ nə Botswana
100%
bʌlˈgɛər i ə Bulgaria
100%
bərˈki nə ˈfɑ soʊ Burkina Faso
100%
kæmˈboʊ di ə Cambodia
100%
ˈkæn ə də Canada
100%
tʃæd Chad
100%
ˈkɒm əˌroʊz Comoros
100%
ˈsaɪ prəs Cyprus
100%
ˌdɛm əˈkræt ɪ rɪˈpʌb lɪk ɒv ðə ˈkɒŋ goʊ Democratic Republic of the Congo
100%
ˈdɛn mɑrk Denmark
100%
dʒɪˈbu ti Djibouti
100%
ˌdɒm əˈni kə Dominica
100%
dəˈmɪn ɪ kən rɪˈpʌb lɪk Dominican Republic
100%
ˈɛk wəˌdɔr Ecuador
100%
ˈi dʒɪpt Egypt
100%
ɛl ˈsæl vəˌdɔr El Salvador
100%
ˌɛr ɪˈtri ə Eritrea
100%
ˌɛ.swɑːˈti.ni eSwatini
100%
ˈfi dʒi Fiji
100%
ˈfɪn lənd Finland
100%
fræns France
100%
gæˈbɒn Gabon
100%
ˈgæm bi ə Gambia
100%
ˈdʒɜr mə ni Germany
100%
ˈgɑ nə Ghana
100%
gris Greece
100%
grɪˈneɪ də Grenada
100%
ˌgwɑ təˈmɑ lə Guatemala
100%
ˈgɪn i Guinea
100%
gaɪˈæn ə Guyana
100%
hɒnˈdʊər əs Honduras
100%
ˈhʌŋ gə ri Hungary
100%
ˈaɪs lənd Iceland
100%
ˈɪn di ə India
100%
ˌɪn dəˈni ʒə Indonesia
100%
ɪˈræn Iran
100%
ɪˈræk Iraq
100%
ˈaɪər lənd Ireland
100%
ˈɪz ri əl Israel
100%
ˈɪt l i Italy
100%
dʒəˈmeɪ kə Jamaica
100%
ˌkɑ zɑkˈstɑn Kazakhstan
100%
kɔsɔvɔ Kosovo
100%
ˈlɑ oʊs Laos
100%
ˈlæt vi ə Latvia
100%
ˈlɛb ə nən Lebanon
100%
laɪˈbɪər i ə Liberia
100%
ˈlɪb i ə Libya
100%
ˈlʌk səmˌbɜrg Luxembourg
100%
ˌmæd əˈgæs kər Madagascar
100%
ˈmɔl divz Maldives
100%
ˈmɑ li Mali
100%
ˈmɔl tə Malta
100%
ˌmɒn təˈni groʊ Montenegro
100%
məˈrɒk oʊ Morocco
100%
ˌmoʊ zæmˈbik Mozambique
100%
nəˈmɪb i ə Namibia
100%
nɑˈu ru Nauru
100%
ˌnɪk əˈrɑ gwə Nicaragua
100%
ˈnaɪ dʒər Niger
100%
ˈnɔrθ kəˈri ə North Korea
100%
nɔrθ ˌmæs ɪˈdoʊ ni ə North Macedonia
100%
ˈnɔr weɪ Norway
100%
oʊˈmɑn Oman
100%
pæk əˌstæn Pakistan
100%
pɑːˈlaʊ Palau
100%
ˈpæn əˌmɑ Panama
100%
pəˈru Peru
100%
ˈpoʊ lənd Poland
100%
ˈkɑ tɑr Qatar
100%
roʊˈmeɪ ni ə Romania
100%
ruˈɑn də Rwanda
100%
səˈmoʊ ə Samoa
100%
ˈsaw toˈmɛ ænd ˈprin.si.pi São Tomé and Príncipe
100%
ˌsɛn ɪˈgɔl Senegal
100%
ˈsɜr bi ə Serbia
100%
seɪˈʃɛlz Seychelles
100%
ˈsɪŋ gəˌpɔr Singapore
100%
sloʊˈvi ni ə Slovenia
100%
saʊθ ˈæf rɪ kə South Africa
100%
ˈsoʊθ suˈdæn South Sudan
100%
speɪn Spain
100%
ˌsri ˈlɑŋ kə Sri Lanka
100%
ˈsʊər əˌnɑm Suriname
100%
ˈswid n Sweden
100%
ˈtaɪˈwɑn Taiwan
100%
təˈdʒɪk əˌstæn Tajikistan
100%
ˌtæn zəˈni ə Tanzania
100%
ˈtaɪˌlænd Thailand
100%
ˈtɔ gɔ Togo
100%
'tɒŋ gə Tonga
100%
ˈtrɪn ɪˌdæd ænd təˈbeɪ goʊ Trinidad and Tobago
100%
tuˈni ʒə Tunisia
100%
ˈtɜr ki Turkey
100%
tɜrk mɛ nəˈstæn Turkmenistan
100%
yuˈgæn də Uganda
100%
yuˈnæ tɪd ˈær əb əˈmɪər ɪts United Arab Emirates
100%
yuˈnaɪ tɪd ˈsteɪts United States
100%
ˈyʊər əˌgweɪ Uruguay
100%
ˈzæm bi ə Zambia
100%
brəˈzɪl Brazil
90%
brʊˈnaɪ Brunei
89%
kəˈlʌm bi ə Colombia
88%
ˈaɪ və ri koʊst Ivory Coast
88%
ˈfɪl əˌpinz Philippines
88%
ˈsɛn trəl ˈæf rɪ kən rɪˈpʌb lɪk Central African Republic
86%
ˈist ˈti mɔr East Timor
86%
ˈkɛn yə Kenya
86%
ˈmi ən mɑr Myanmar
86%
buˈtɑn Bhutan
83%
ˈtʃɪl i Chile
83%
kroʊˈeɪ ʃə Croatia
83%
ˌi θiˈoʊ pi ə Ethiopia
83%
ˈheɪ ti Haiti
83%
ˈnɛð ər ləndz Netherlands
83%
nyu ˈzi lənd New Zealand
83%
soʊˈmɑ li ə Somalia
83%
ˈswɪt sər lənd Switzerland
83%
ɑrˈmi ni ə Armenia
80%
bʊˈrʊn di Burundi
80%
ˈkɒs tə ˈri kə Costa Rica
80%
ˈgɪn i bɪˈsaʊ Guinea-Bissau
80%
məˈlɑ wi Malawi
80%
ˈmɑr ʃəl ˈaɪləndz Marshall Islands
80%
ˌmɔr ɪˈteɪ ni ə Mauritania
80%
mɔlˈdoʊ və Moldova
80%
ˈpæp yu ə nyu 'gɪn i Papua New Guinea
80%
seɪnt kɪts ænd ˈni vɪs Saint Kitts and Nevis
80%
ˌsæn məˈri noʊ San Marino
80%
sloʊˈvɑ ki ə Slovakia
80%
ˈsɒl ə mən ˈaɪləndz Solomon Islands
80%
ˈsɪər i ə Syria
80%
ˈtu vəˌlu Tuvalu
80%
zɪmˈbɑb weɪ Zimbabwe
80%
ænˈdɔr ə Andorra
75%
ˌkæm əˈrun Cameroon
75%
tʃɛk rɪˈpʌb lɪk Czech Republic
75%
ˌi kwəˈtɔr i əl ˈgɪn i Equatorial Guinea
75%
ˈlɪk tənˌstaɪn Liechtenstein
75%
ˌlɪθ uˈeɪ ni ə Lithuania
75%
seɪnt ˈvɪn sənt ænd ðə ˌgrɛn əˈdinz Saint Vincent and the Grenadines
75%
ˈsaʊ di əˈreɪ bi ə Saudi Arabia
75%
siˈɛr ə liˈoʊ ni Sierra Leone
75%
saʊθ kəˈri ə South Korea
75%
ʊzˈbɛk əˌstæn Uzbekistan
75%
ˌvɑ nuˈɑ tu Vanuatu
75%
ˈdʒɔr dn Jordan
73%
kɛːɹ.ɡɪˌstæn Kyrgyzstan
71%
ˈmɛk sɪˌkoʊ Mexico
71%
mɔˈrɪʃ əs Mauritius
70%
ælˈbeɪ ni ə Albania
67%
ˈtʃaɪ nə China
67%
ˈkyu bə Cuba
67%
ɛˈstoʊ ni ə Estonia
67%
ˈdʒɔr dʒə Georgia
67%
dʒəˈpæn Japan
67%
kʊˈweɪt Kuwait
67%
ləˈsu tu Lesotho
67%
məˈleɪ ʒə Malaysia
67%
nəˈpɔl Nepal
67%
naɪˈdʒɪər i ə Nigeria
67%
ˈpɔr tʃə gəl Portugal
67%
ˈrʌʃ ə Russia
67%
seɪnt ˈluːʃə Saint Lucia
67%
suˈdæn Sudan
67%
yuˈnaɪ tɪd ˈkɪŋ dəm United Kingdom
67%
ˈvæt ɪ kən ˈsɪt i Vatican City
67%
ˌvɛn əˈzweɪ lə Venezuela
67%
viˌɛtˈnɑm Vietnam
67%
ˈfɛd əˌreɪt steɪts ɒvˌmaɪ krəˈni ʒə Federated States of Micronesia
60%
ˈmɒn əˌkoʊ Monaco
60%
rɪˈpʌb lɪk ɒv ðə ˈkɒŋ goʊ Republic of the Congo
57%
mɒŋˈgoʊ li ə Mongolia
50%
keɪp vɜrd Cape Verde
25%
ˈkɪər əˌbæs Kiribati
25%
ˈpær əˌgwaɪ Paraguay
0%
yuˈkreɪn Ukraine
0%
ˈyɛm ən Yemen
0%
No matching quizzes found
Score Distribution
Percent of People with Each Score
Percentile by Number Answered
Your Score History
You have not taken this quiz